000 00660nam a2200193 a 4500
001 000011419
005 20200929162439.0
008 091016s1971 sp 000 0 spa d
040 _aDO-SdBNP
_bspa
_cBNPHU
082 _a927.46
_bCh541C
100 1 _aConde, Manuel.
_927077
245 1 0 _aChirino /
_cManuel Conde.
260 _aMadrid :
_bDirección General de Bellas Artes,
_c1971.
300 _a82 p. :
_bil. ;
_c17 cm.
490 1 _aArtistas Españoles Contemporáneos
_aEscultores
_v21
504 _aIncluye referencias bibliográficas e índice
600 1 4 _aCHIRINO, MARTÍN
_d1925-
_xBIOGRAFÍA
_927078
650 4 _aEscultores españoles
_xBiografía
_927079
999 _c11122
_d11122